வெற்றிக் குருவி (Record no. 4874)

MARC details
000 -LEADER
fixed length control field 00717nam a22002297a 4500
003 - CONTROL NUMBER IDENTIFIER
control field LK-CoMWRAF
005 - DATE AND TIME OF LATEST TRANSACTION
control field 20240330181339.0
008 - FIXED-LENGTH DATA ELEMENTS--GENERAL INFORMATION
fixed length control field 240330b2001 |||||||| |||| 00| 0 eng d
020 ## - INTERNATIONAL STANDARD BOOK NUMBER
International Standard Book Number 9558464228
040 ## - CATALOGING SOURCE
Original cataloging agency LK-CoMWRAF
Modifying agency LK-CoMWRAF
Description conventions LK-CoMWRAF
041 ## - LANGUAGE CODE
Language code of text/sound track or separate title Tamil
082 ## - DEWEY DECIMAL CLASSIFICATION NUMBER
Classification number 894.81
Item number DIA
942 ## - ADDED ENTRY ELEMENTS (KOHA)
Koha item type Books
100 ## - MAIN ENTRY--PERSONAL NAME
Personal name டயஸ், சிட்னி மாகஸ்
Personal name (Transliterated) Dias, Sidney Marcus
700 ## - ADDED ENTRY--PERSONAL NAME
Personal name மபூப், முஹம்மது
Personal name (Transliterated) Muhammadu
Relator Term translator
245 ## - TITLE STATEMENT
Title வெற்றிக் குருவி
246 ## - VARYING FORM OF TITLE
Title proper/short title Veṟṟik kuruvi
260 ## - PUBLICATION, DISTRIBUTION, ETC. (IMPRINT)
Place of publication, distribution, etc. Anamaduwa:
Name of publisher, distributor, etc. Thothenna,
Date of publication, distribution, etc. 2001
300 ## - PHYSICAL DESCRIPTION
Extent 23 p.
650 ## - SUBJECT ADDED ENTRY--TOPICAL TERM
Topical term or geographic name as entry element CHILDREN'S FICTION
650 ## - SUBJECT ADDED ENTRY--TOPICAL TERM
Topical term or geographic name as entry element Sinhala Fiction- Tamil translations
Holdings
Withdrawn status Lost status Damaged status Not for loan Permanent Location Current Location Date acquired Full call number Barcode Koha item type
        Resource center, Muslim Women's Research And Action Forum Resource center, Muslim Women's Research And Action Forum 2024-03-30 894.81 DIA RAF5225 Books
        Resource center, Muslim Women's Research And Action Forum Resource center, Muslim Women's Research And Action Forum 2024-03-30 894.81 DIA RAF5226 Books
        Resource center, Muslim Women's Research And Action Forum Resource center, Muslim Women's Research And Action Forum 2024-03-30 894.81 DIA RAF5227 Books

Copyright © 2023 Muslim Women's Research and Action Forum (MWRAF), No 27/3, Anderson Road, Kalubowila, Dehiwela. Funded by The Asia Fundation